English Clubs by Major Domestic Honours - Statistics

General Stats
  • This quiz has been taken 28 times
  • The average score is 10 of 11
Answer Stats
1st Div. / PL FA Cup EFL Cup FA Comm. Shield Answer % Correct
14 14 2 17 Arsenal | ๐Ÿ†47
100%
6 8 5 4 Chelsea | ๐Ÿ†23
100%
20 8 10 16 Liverpool | ๐Ÿ†54
100%
10 8 9 7 Manchester City | ๐Ÿ†34
100%
20 13 6 21 Manchester United | ๐Ÿ†60
100%
9 5 โ€• 9 Everton | ๐Ÿ†23
95%
2 8 4 7 Tottenham Hotspur | ๐Ÿ†21
90%
7 7 5 1 Aston Villa | ๐Ÿ†20
86%
4 6 1 1 Newcastle United | ๐Ÿ†12
86%
3 6 1 1 Blackburn Rovers | ๐Ÿ†11
67%
3 4 2 4 Wolverhampton Wanderers | ๐Ÿ†13
57%
No matching quizzes found
Score Distribution
Percent of People with Each Score
Percentile by Number Answered
Your Score History
You have not taken this quiz